000 00655nam a2200253Ia 4500
003 OSt
005 20221006145744.0
006 a|||||r|||| 00| 0
007 ta
008 221006b |||||||| |||| 00| 0 eng d
020 _c
_16.00
024 _a15,849
037 _cTextual
040 _aEASL
_cEASL
_beng
041 _2eng
_aeng
082 _aV41.N69, L8
100 _aLEE Hong Yung
245 0 _aPolitics of the Chinese cultural revolution
260 _aBerkeley
_bUniversity of California
_c1978
300 _a310p.
_ccm.
490 _v RS
942 _hV41.N69, L8
_cTEXL
_2CC
999 _c1083935
_d1083935